000 00825nam a22002417a 4500
008 081212t xxu||||| |||| 00| 0 eng d
010 _aENG-92169
020 _c795.00
_a9788183241953
020 _c795.00
_a8183241956
035 _aEN-75702
037 _bDBAD / PUB
040 _adpl
_bEnglish
082 _a101
100 _aBahuguna, B.N.
245 _aLayman's introduction to philosophy and life /
_cby B.N. Bahuguna
260 _aNew Delhi
_bMittal Publications
_c2009
270 _a4594/9, Daryaganj,
_bNew Delhi
_e10002
300 _axx, 291p.
_c22cm (Hb)
500 _aIncludes index
650 _aPhilosophy.
942 _2ddc
_cEN
_mBAH
_h101
999 _c19782
_d19782